书目信息 |
| 题名: |
易经
|
|
| 作者: | 郑春兴 , 王建国 编译 | |
| 分册: | ||
| 出版信息: | 郑州 中原农民出版社 2007.07 |
|
| 页数: | 260页 | |
| 开本: | 24cm | |
| 丛书名: | ||
| 单 册: | ||
| 中图分类: | B221-49 | |
| 科图分类: | ||
| 主题词: | 先秦哲学 | |
| 电子资源: | ||
| ISBN: | 978-7-80739-017-6 | |
| 000 | 00647nam0 2200229 45 | |
| 001 | 0962897429 | |
| 005 | 20091013173006.23 | |
| 010 | @a978-7-80739-017-6@dCNY29.80 | |
| 100 | @a20090515d2007 ekmy0 y0120 ea | |
| 102 | @aCN@b130000 | |
| 102 | @aCN@b110000 | |
| 105 | @ay z 000yy | |
| 200 | 1 | @a易经@f郑春兴,王建国编译@Fzheng chun xing,wang jian guo bian yi |
| 210 | @a郑州@c中原农民出版社@d2007.07 | |
| 215 | @a260页@d24cm | |
| 606 | 0 | @a先秦哲学 |
| 690 | @aB221-49@v4 | |
| 701 | 0 | @a郑春兴@Azheng chun xing@4编译 |
| 701 | 0 | @a王建国@Awang jian guo@4编译 |
| 801 | 0 | @aCN@c20091013 |
| 905 | @a10447@dB221-49@eZ4252 | |
| 906 | @d30@n3@r1 | |
| 易经/郑春兴,王建国编译.-郑州:中原农民出版社,2007.07 |
| 260页;24cm |
| ISBN 978-7-80739-017-6:CNY29.80 |
| ● |
| 相关链接 |
|
|
|
正题名:易经
索取号:B221-49/Z4252
 
预约/预借
| 序号 | 登录号 | 条形码 | 馆藏地/架位号 | 状态 | 备注 |
| 1 | 495003 | 204950035 | 社科库509/509社科库 9排2列3层/ [索取号:B221-49/Z4252] | 在馆 | |
| 2 | 654846 | 206548468 | 社科库509/509社科库 9排2列3层/ [索取号:B221-49/Z4252] | 在馆 | |
| 3 | 654847 | 206548477 | 社科库509/509社科库 9排2列3层/ [索取号:B221-49/Z4252] | 在馆 | |
| 4 | 654848 | 206548486 | 社科库509/ [索取号:B221-49/Z4252] | 在馆 |